Doing business in Chicago

Wedi'i Gadw mewn:
Manylion Llyfryddiaeth
Prif Awdur: Levine, Jeffrey P.
Fformat: Llyfr
Iaith:Undetermined
Cyhoeddwyd: Homewood Dow Jones-Irwin 1990
Pynciau:
Tagiau: Ychwanegu Tag
Dim Tagiau, Byddwch y cyntaf i dagio'r cofnod hwn!
Thư viện lưu trữ: Trung tâm Học liệu Trường Đại học Cần Thơ
LEADER 00555nam a2200205Ia 4500
001 CTU_87984
008 210402s9999 xx 000 0 und d
082 |a 338.7 
082 |b L665 
100 |a Levine, Jeffrey P. 
245 0 |a Doing business in Chicago 
245 0 |c Jeffrey P. Levine 
260 |a Homewood 
260 |b Dow Jones-Irwin 
260 |c 1990 
650 |a Business enterprises 
650 |x Illiois,Directiories 
650 |z Chicago metropolitan area 
904 |i M.laon 
980 |a Trung tâm Học liệu Trường Đại học Cần Thơ